Sports Quiz

Random Sports or Soccer Quiz
Score 0/66 Timer 10:00
0 Plays Today
Hint Answer % Correct
1992/3Gert Verheyen
85.6%
2002/3Gert Verheyen
85.6%
2003/4Gert Verheyen
85.6%
2002/3Timmy Simons
82.2%
2003/4Timmy Simons
82.2%
2019/20Simon Mignolet
80%
2019/20Hans Vanaken
80%
2019/20Ruud Vormer
80%
1992/3Dany Verlinden
78.4%
2002/3Dany Verlinden
78.4%
2003/4Dany Verlinden
78.4%
2018/19Hans Vanaken
76.5%
2018/19Ruud Vormer
76.5%
2005/6Tomislav Butina
73.7%
2002/3Philippe Clement
71.9%
2003/4Philippe Clement
71.9%
2005/6Philippe Clement
71.9%
2005/6Bosko Balaban
71.6%
2019/20Brandon Mechele
70%
2019/20Clinton Mata
70%
2019/20Mats Rits
70%
2002/3Olivier De Cock
69.5%
2003/4Olivier De Cock
69.5%
2018/19Emmanuel Dennis
66.7%
2002/3Gaëtan Englebert
65.6%
2003/4Gaëtan Englebert
65.6%
2005/6Gaëtan Englebert
65.6%
2018/19Ethan Horvath
64.7%
2018/19Brandon Mechele
64.7%
1992/3Franky Van der Elst
64.3%
2003/4Nastja Čeh
64%
2002/3Peter Van Der Heyden
63.3%
2003/4Peter Van Der Heyden
63.3%
Hint Answer % Correct
2018/19Wesley
62.7%
2002/3Andrés Mendoza
62%
2002/3Birger Maertens
61.9%
2003/4Birger Maertens
61.9%
2005/6Birger Maertens
61.9%
2019/20Simon Deli
60%
2019/20Krépin Diatta
60%
2018/19Clinton Mata
58.8%
1992/3Lorenzo Staelens
57.8%
2005/6Sven Vermant
54.1%
2018/19Stefano Denswil
52.9%
2019/20Éder Balanta
50%
2002/3Sandy Martens
48.8%
1992/3Daniel Amokachi
47.3%
2003/4David Rozehnal
46.4%
1992/3Vital Borkelmans
45.9%
2005/6Javier Portillo
45.2%
2018/19Marvelous Nakamba
43.1%
2005/6Ivan Leko
40.2%
2005/6Marek Špilár
40.1%
2019/20Federico Ricca
40%
2002/3Alin Stoica
38.8%
2003/4Ivan Gvozdenović
33.6%
2005/6Günther Vanaudenaerde
27.3%
2018/19Benoit Poulain
23.5%
2005/6Grégory Dufer
22.3%
2018/19Sofyan Amrabat
19.6%
1992/3Marc Schaessens
18.6%
1992/3Peter Creve
16.2%
1992/3Tomasz Dziubiński
16.2%
1992/3Rudi Cossey
15.2%
1992/3László Disztl
14.9%
2019/20Emmanuel Bonaventure
10%

You're not logged in!

Compare scores with friends on all Sporcle quizzes.
OR
Log In

Sporcle TV

Today on Sporcle TV


Watch our educational content, quiz creation guides, and fun videos on Sporcle TV.

Show Comments

Extras

Top Quizzes Today


Score Distribution

Paid Content

Your Account Isn't Verified!

In order to create a playlist on Sporcle, you need to verify the email address you used during registration. Go to your Sporcle Settings to finish the process.

Report this User

Report this user for behavior that violates our Community Guidelines.

Details: